000 00791nam a2200229Ii 4500
003 JO-AjNU
008 230605s9999||||xx |||||||||||||| ||und||
017 _a2002/9/2345
020 _a9957-17-051-1
040 _aJO-AjNU
_bara
_erda
_cJO-AjNU
041 _aara
050 1 4 _aBF717.H5522.2003
100 3 _aالهنداوي،علي فالح,
_eauthor
_928656
245 0 0 _aسيكولوجية اللعب
250 _aط1
264 3 1 _aعمان-الكويت:دار حنين للنشر والتوزيع،دار فلاح للنشر والتوزيع،2003
300 _a228ص
336 _atext
_btxt
_2rdacontent
337 _aunmediated
_bn
_2rdamedia
338 _avolume
_bnc
_2rdacarrier
650 4 _aعلم النفس-سيكولوجيا الاطفال-لعب الاطفال
_928657
999 _aA11142
_c14710
_d14710